| 000 | 01489cam a22002054a 4500 | ||
|---|---|---|---|
| 005 | 20250605164150.0 | ||
| 008 | 250528s ||||||||||||||||||||||||d | ||
| 035 | _a19350 | ||
| 040 |
_aGR-AtMCL _bgre _dGR-AtMCL _eAACR2 |
||
| 245 | 1 | _aΆνθρωποι και Οργανώσεις / Σημειώσεις | |
| 250 | _a1η | ||
| 260 | _c2012 | ||
| 300 | _a94 | ||
| 505 | 0 | _aΑνάπτυξη της Διοικητικής Θέσης, Η Δομή των Οργανώσεων, Σχεδίαση Εργασίας, Παρακίνηση Ανθρώπων στην Εργασία, Οργανωτική Συμπεριφορά και Ψυχολογικό Συμβόλαιο, Αντίληψη, Προσωπικότητα, Προσέλκυση και Επιλογή, Η Φύση των Ομάδων, Δύναμη και Εξουσία και Πολιτική, Παραπομπές. | |
| 520 | _aΑνάπτυξη της Διοικητικής Θέσης, Η Δομή των Οργανώσεων, Σχεδίαση Εργασίας, Παρακίνηση Ανθρώπων στην Εργασία, Οργανωτική Συμπεριφορά και Ψυχολογικό Συμβόλαιο, Αντίληψη, Προσωπικότητα, Προσέλκυση και Επιλογή, Η Φύση των Ομάδων, Δύναμη και Εξουσία και Πολιτική, Παραπομπές. | ||
| 700 | 1 |
_aΚόγκας Δημήτριος _93604 |
|
| 942 | _cBK | ||
| 999 |
_c4609 _d4609 |
||